[Event "IBCA-ol blind 15th"]
[Site "Ohrid"]
[Date "2017.06.22"]
[Round "4.3"]
[White "Georgiev, Yordan Kirilov"]
[Black "Donmez, Unal"]
[Result "0-1"]
[WhiteElo "1786"]
[BlackElo "1882"]
[PlyCount "92"]
[EventDate "2017.06.19"]
[EventType "team-swiss"]
[EventRounds "9"]
[EventCountry "MKD"]
[SourceTitle "CBM 179 Extra"]
[Source "ChessBase"]
[SourceDate "2017.08.23"]
[SourceVersion "1"]
[SourceVersionDate "2017.08.23"]
[SourceQuality "1"]
[WhiteTeam "Bulgaria"]
[BlackTeam "Turkey"]
[WhiteTeamCountry "BUL"]
[BlackTeamCountry "TUR"]

1. c4 Nf6 2. Nc3 g6 3. g3 Bg7 4. Bg2 c5 5. b3 d6 6. Bb2 0-0 7. Nf3 Nc6 8. 0-0 Bg4 9. h3 Bf5 10. d3 Qc8 11. Kh2 h6 12. e4 Bd7 13. Nd5 Ng4+ 14. hxg4 Bxb2 15. Rb1 Bg7 16. g5 Bg4 17. gxh6 Bxh6 18. Qe1 Qd8 19. Ne3 Bxf3 20. Bxf3 Ne5 21. Qe2 Bg7 22. Bg2 Nc6 23. Nc2 Qa5 24. a4 Qc3 25. Bh3 Bf6 26. Rfc1 Be5 27. Bf1 Kg7 28. Ne3 Rh8+ 29. Kg1 Qa5 30. f4 Bd4 31. Bg2 a6 32. Kf1 e6 33. Nc2 Bf6 34. e5 dxe5 35. Bxc6 bxc6 36. fxe5 Bg5 37. Rd1 Rh3 38. Qg4 Rh5 39. Ne1 Rah8 40. Nf3 Be3 41. Kg2 Qc3 42. Nh4 Qc2+ 43. Kh3 g5 44. Rf1 Rxh4+ 45. gxh4 Rxh4+ 46. Qxh4 gxh4 0-1

[Event "IBCA EU-chT blind 01st"]
[Site "Warsaw"]
[Date "2016.07.28"]
[Round "5.2"]
[White "Donmez, Unal"]
[Black "Sojka, Bernard"]
[Result "1-0"]
[WhiteElo "1827"]
[BlackElo "1755"]
[PlyCount "69"]
[EventDate "2016.07.24"]
[EventType "team-swiss"]
[EventRounds "9"]
[EventCountry "POL"]
[SourceTitle "CBM 173 Extra"]
[Source "ChessBase"]
[SourceDate "2016.08.29"]
[SourceVersion "1"]
[SourceVersionDate "2016.08.29"]
[SourceQuality "1"]
[WhiteTeam "Turkey"]
[BlackTeam "France"]
[WhiteTeamCountry "TUR"]
[BlackTeamCountry "FRA"]

1. e4 e5 2. f4 Bc5 3. Nf3 d6 4. c3 Nc6 5. Bc4 Be6 6. Bxe6 fxe6 7. Qb3 Qc8 8. fxe5 dxe5 9. Ng5 Ke7 10. Qc4 Bb6 11. b3 Na5 12. Ba3+ c5 13. Qe2 Nf6 14. 0-0 h6 15. Nf3 Nc6 16. d4 Nd7 17. d5 Nd8 18. Nbd2 Nf7 19. dxe6 Kxe6 20. Qc4+ Ke7 21. Nh4 Nf6 22. Ng6+ Ke8 23. Nxh8 Nxh8 24. Rf5 Ng6 25. Nf3 Qc7 26. h4 Rc8 27. h5 Ne7 28. Rxe5 Qd6 29. Rf1 Kd8 30. Bc1 Nd7 31. Re6 Qg3 32. e5 Rc6 33. Rxe7 Kxe7 34. Bf4 Qg4 35. Bg5+ 1-0

[Event "Troya op 23rd"]
[Site "Canakkale"]
[Date "2015.08.08"]
[Round "1"]
[White "Erden, Kadir"]
[Black "Donmez, Unal"]
[Result "1-0"]
[WhiteElo "2176"]
[BlackElo "1919"]
[PlyCount "56"]
[EventDate "2015.08.08"]
[EventType "swiss"]
[EventRounds "9"]
[EventCountry "TUR"]
[SourceTitle "CBM 167 Extra"]
[Source "ChessBase"]
[SourceDate "2015.09.14"]
[SourceVersion "1"]
[SourceVersionDate "2015.09.14"]
[SourceQuality "1"]

1. c4 Nf6 2. Nc3 g6 3. d4 Bg7 4. Nf3 d6 5. g3 0-0 6. Bg2 c6 7. 0-0 Nbd7 8. Qc2 e5 9. Rd1 Qe7 10. e4 Re8 11. d5 c5 12. h3 Nh5 13. Qe2 Rf8 14. Nh2 Nb6 15. a4 Bd7 16. a5 Nc8 17. a6 b6 18. Ng4 Qe8 19. Ne3 Ne7 20. Nc2 f5 21. Na3 f4 22. g4 Qf7 23. Bf3 Nf6 24. Nab5 Nc8 25. b4 cxb4 26. Na2 Bxb5 27. cxb5 b3 28. Nb4 g5 1-0

[Event "Malatya Golden Apricot op 2nd"]
[Site "Malatya"]
[Date "2014.06.15"]
[Round "1"]
[White "Donmez, Unal"]
[Black "Javakhadze, Zurab"]
[Result "0-1"]
[WhiteElo "1921"]
[BlackElo "2439"]
[PlyCount "64"]
[EventDate "2014.06.15"]
[EventType "swiss"]
[EventRounds "9"]
[EventCountry "TUR"]
[SourceTitle "CBM 160 Extra"]
[Source "ChessBase"]
[SourceDate "2014.07.01"]
[SourceVersion "1"]
[SourceVersionDate "2014.07.01"]
[SourceQuality "1"]

1. d4 Nf6 2. c4 e6 3. Nf3 Bb4+ 4. Bd2 a5 5. Nc3 b6 6. g3 Bb7 7. Bg2 0-0 8. 0-0 d6 9. h3 Nbd7 10. Qc2 e5 11. dxe5 dxe5 12. Nxe5 Bxg2 13. Nxd7 Bxf1 14. Nxf6+ Qxf6 15. Rxf1 Qe6 16. Nd5 Qxe2 17. Nxb4 axb4 18. Re1 Qf3 19. Re3 Qh5 20. Bxb4 c5 21. Bc3 Rxa2 22. Qb1 Raa8 23. Re4 Qg6 24. Qe1 Ra1 25. Qxa1 Qxe4 26. b4 Rd8 27. Kh2 Qf3 28. Qe1 h6 29. bxc5 bxc5 30. Bd2 Rd4 31. Qe8+ Kh7 32. Be3 Rd1 0-1